| 000 | 00815nam a2200277 a 4500 | ||
|---|---|---|---|
| 001 | 19745 | ||
| 003 | BD-RjUL | ||
| 005 | 20211209000455.0 | ||
| 008 | 140225r19661956enk 000 0 eng d | ||
| 035 | _a0198111304 | ||
| 035 |
_a(OCoLC)863353333 _aBD-RjUL |
||
| 040 |
_aDLC _cDLC _dm.c _dBD-RjUL _beng |
||
| 041 | _aeng | ||
| 082 |
_a822.33 _bWIN 1966 |
||
| 245 | 0 | 4 |
_aThe Winter's tale / _cedited by S.L.Bethell |
| 260 |
_aOxford : _bClarendon Press, _c1956 [Reprinted 1966]. |
||
| 300 |
_a265 p. ; _c21 cm |
||
| 600 | 1 | 0 |
_aShakespeare, William, _d1564-1616. _xConcordances. _956703 |
| 650 |
_aAdultery Drama _959178 |
||
| 700 | 1 |
_aS.L.Bethell _959179 |
|
| 830 | 0 |
_aOxford Shakespeare concordances _956706 |
|
| 942 |
_2ddc _cBK |
||
| 999 |
_c19745 _d19745 |
||